|
|
|
|
| LEADER |
00000cam a2200000 7i4500 |
| 001 |
0000002099 |
| 005 |
20220105103933.0 |
| 020 |
|
|
|a 9831351258
|
| 090 |
0 |
0 |
|a JP
|b SC ENG (2339)
|
| 100 |
1 |
|
|a Baker, Rann
|
| 245 |
1 |
0 |
|a How gravity affects us
|c Rann Baker
|
| 260 |
|
|
|a Petaling Jaya :
|b Pustaka Tintamas ,
|c 2004
|
| 440 |
|
|
|a Tell me about science vol.2
|
| 500 |
|
|
|a Children age 4-6 years old (yellow)
|
| 650 |
|
0 |
|a Science fiction
|
| 999 |
|
|
|a 0000013488
|b Book
|c Children Collection
|e Cawangan Taman Universiti
|
| 999 |
|
|
|a 0000013489
|b Book
|c Children Collection
|e Cawangan Taman Universiti
|
| 999 |
|
|
|a 0000013490
|b Book
|c Children Collection
|e Cawangan Taman Universiti
|
| 999 |
|
|
|a 0000013491
|b Book
|c Children Collection
|e Cawangan Taman Universiti
|
| 999 |
|
|
|a 0000928635
|b Book
|c Children Collection
|e Cawangan Tangkak
|
| 999 |
|
|
|a 0000928636
|b Book
|c Children Collection
|e Cawangan Tangkak
|
| 999 |
|
|
|a 0000951157
|b Book
|c Children Collection
|e Cawangan Bukit Gambir
|
| 999 |
|
|
|a 0000965415
|b Book
|c Children Collection
|e Cawangan Taman Universiti
|
| 999 |
|
|
|a 0000965416
|b Book
|c Children Collection
|e Perbadanan Perpustakaan Awam Johor
|
| 999 |
|
|
|a 0000965417
|b Book
|c Children Collection
|e Cawangan Bukit Gambir
|
| 999 |
|
|
|a 0000965418
|b Book
|c Children Collection
|e Perbadanan Perpustakaan Awam Johor
|
| 999 |
|
|
|a 0000965419
|b Book
|c Children Collection
|e Perbadanan Perpustakaan Awam Johor
|